000 00363nam a22001457a 4500
005 20251007151627.0
008 250929b |||||||| |||| 00| 0 eng d
020 _a978-93-48189-54-7
041 _aeng
100 _aPANDEY, DR RAMESH CHANDRA
_98709
245 _aSIDDON KI SADHNA
260 _aUTTAR PRADESH
_bAKSHAR PLANT
_c2024
300 _a147;P
942 _cBK
999 _c8862
_d8860